| 000 | 00516nam a2200193Ia 4500 | ||
|---|---|---|---|
| 003 | OSt | ||
| 005 | 20260416111619.0 | ||
| 008 | 220917b |||||||| |||| 00| 0 eng d | ||
| 037 | _cTextual | ||
| 040 |
_aARTS _cARTS _beng |
||
| 041 |
_2eng _aeng |
||
| 100 |
_aRam Swarup _942394 |
||
| 245 | 0 | _aWorld as revelation names of Gods | |
| 260 |
_aDelhi _bImpex India _c1980 |
||
| 300 |
_axvi,160p. _ccm. |
||
| 650 | _aRELIGION | ||
| 942 |
_hQ1:31, M0 _cTEXL _2CC |
||
| 999 |
_c186402 _d186402 |
||